[Event "Porto San Giorgio op 23rd"]
[Site "Porto San Giorgio"]
[Date "2011.08.28"]
[Round "9"]
[White "Bolog, Iacint"]
[Black "Iaconi, Andrea"]
[Result "0-1"]
[WhiteElo "1959"]
[BlackElo "1832"]
[PlyCount "120"]
[EventDate "2011.08.21"]
[EventType "swiss"]
[EventRounds "9"]
[EventCountry "ITA"]
[SourceTitle "CBM 144 Extra"]
[Source "ChessBase"]
[SourceDate "2011.10.28"]
[SourceVersion "1"]
[SourceVersionDate "2011.10.28"]
[SourceQuality "1"]

1. e4 c5 2. Nf3 d6 3. Bc4 e6 4. Nc3 Nc6 5. a3 Nf6 6. d3 Be7 7. h3 a6 8. 0-0 0-0 9. Ne2 b5 10. Ba2 Bb7 11. Ng3 Rc8 12. b3 Qc7 13. Bb2 Rfd8 14. Rc1 d5 15. exd5 Rxd5 16. Re1 Nd4 17. Nxd4 cxd4 18. c4 dxc3 19. Rxc3 Qd8 20. Rxc8 Qxc8 21. b4 Rd7 22. Qe2 Bd5 23. Bb1 Qb7 24. f3 Rc7 25. Ne4 Nxe4 26. fxe4 Bc6 27. Qg4 g6 28. Qf4 Bd7 29. Rf1 Qb6+ 30. Kh1 Be8 31. Qe5 f6 32. Qf4 e5 33. Qg4 Bf7 34. h4 Qe6 35. Qg3 h5 36. Qf2 Kh7 37. d4 exd4 38. Bxd4 Kg7 39. e5 f5 40. Qf4 Kh7 41. Be3 Bf8 42. Qg5 Qe7 43. Qg3 Rc3 44. Qf2 Rxa3 45. Bc5 Qd8 46. Rc1 Bc4 47. Re1 Be6 48. Rc1 Be7 49. Bxe7 Qxe7 50. g3 Bd5+ 51. Kh2 Qxe5 52. Re1 Be4 53. Bxe4 fxe4 54. Qf7+ Kh6 55. Qf8+ Kh7 56. Qf7+ Kh6 57. Rg1 Rf3 58. Qb7 Rf2+ 59. Kh1 Qb2 60. Rg2 Rxg2 0-1

[Event "Porto San Giorgio op 23rd"]
[Site "Porto San Giorgio"]
[Date "2011.08.23"]
[Round "3"]
[White "De Carlo, Fabio"]
[Black "Iaconi, Andrea"]
[Result "1-0"]
[WhiteElo "2044"]
[BlackElo "1832"]
[PlyCount "101"]
[EventDate "2011.08.21"]
[EventType "swiss"]
[EventRounds "9"]
[EventCountry "ITA"]
[SourceTitle "CBM 144 Extra"]
[Source "ChessBase"]
[SourceDate "2011.10.28"]
[SourceVersion "1"]
[SourceVersionDate "2011.10.28"]
[SourceQuality "1"]

1. e4 c5 2. Nf3 d6 3. d4 cxd4 4. Nxd4 Nf6 5. Nc3 a6 6. Bg5 e6 7. f4 Be7 8. Bc4 Nxe4 9. Nxe4 d5 10. Bxe7 Qxe7 11. Bd3 dxe4 12. Bxe4 0-0 13. 0-0 Rd8 14. Qd3 g6 15. Qc3 Nd7 16. Qc7 Kf8 17. Rad1 Nc5 18. Qxe7+ Kxe7 19. Bf3 Rb8 20. Rfe1 Bd7 21. b3 b5 22. f5 Kf6 23. fxg6 hxg6 24. Nc6 Bxc6 25. Bxc6 Ke7 26. Bf3 b4 27. Kf2 f6 28. Ke3 e5 29. a3 a5 30. axb4 axb4 31. Ra1 Ne6 32. Ra7+ Rd7 33. Rxd7+ Kxd7 34. Ra1 Nd4 35. Ra7+ Kd6 36. Be4 g5 37. Bd3 Rb6 38. g3 Rb8 39. Rf7 Ke6 40. Ra7 Rb6 41. h4 gxh4 42. gxh4 Rb8 43. Ra6+ Ke7 44. h5 f5 45. h6 Rh8 46. h7 Kf8 47. Ra7 f4+ 48. Ke4 f3 49. Rb7 f2 50. Kxe5 Nxc2 51. Kf6 1-0

[Event "Porto San Giorgio op 23rd"]
[Site "Porto San Giorgio"]
[Date "2011.08.23"]
[Round "4"]
[White "Iaconi, Andrea"]
[Black "Di Misa, Salvatore"]
[Result "0-1"]
[WhiteElo "1832"]
[BlackElo "1957"]
[PlyCount "116"]
[EventDate "2011.08.21"]
[EventType "swiss"]
[EventRounds "9"]
[EventCountry "ITA"]
[SourceTitle "CBM 144 Extra"]
[Source "ChessBase"]
[SourceDate "2011.10.28"]
[SourceVersion "1"]
[SourceVersionDate "2011.10.28"]
[SourceQuality "1"]

1. e4 c5 2. Nf3 Nc6 3. d4 cxd4 4. Nxd4 Nf6 5. Nc3 e5 6. Ndb5 d6 7. Bg5 a6 8. Na3 b5 9. Nd5 Be7 10. Nxe7 Nxe7 11. Bd3 0-0 12. 0-0 Ng6 13. c3 Bb7 14. Qf3 d5 15. Bxf6 Qxf6 16. Qxf6 gxf6 17. exd5 Bxd5 18. Rfe1 Rad8 19. g3 Be6 20. Bc2 Rd2 21. Rad1 Rfd8 22. Rxd2 Rxd2 23. Rd1 Rxd1+ 24. Bxd1 Bd5 25. h3 Bc6 26. Nc2 Ne7 27. Ne3 f5 28. Bc2 e4 29. Kf1 Kg7 30. c4 Kf6 31. Ke1 b4 32. Kd2 Bd7 33. Ng2 Nc6 34. Ke3 Ke5 35. Nf4 Be6 36. Ne2 a5 37. f4+ exf3 38. Kxf3 a4 39. Ke3 a3 40. Bd3 f6 41. Bc2 Bf7 42. Nf4 Bg6 43. h4 Kd6 44. h5 Bf7 45. Bxf5 h6 46. Kd3 Ke5 47. Bh7 f5 48. Bg6 Bg8 49. Be8 Na5 50. Ba4 Bf7 51. Ng6+ Kd6 52. Nf4 Nb7 53. Nd5 Bxd5 54. cxd5 Kxd5 55. Be8 Nc5+ 56. Ke3 Ke5 57. Bf7 Ne4 58. Kd3 Nc3 0-1

[Event "Porto Sant Elpidio op-A 11th"]
[Site "Porto Sant Elpidio"]
[Date "2008.11.30"]
[Round "5"]
[White "Perogio, Lorenzo"]
[Black "Iaconi, Andrea"]
[Result "1-0"]
[WhiteElo "1857"]
[BlackElo "1871"]
[PlyCount "65"]
[EventDate "2008.11.22"]
[EventType "swiss"]
[EventRounds "6"]
[EventCountry "ITA"]
[SourceTitle "EXT 2011"]
[Source "ChessBase"]
[SourceDate "2010.11.26"]
[SourceVersion "1"]
[SourceVersionDate "2010.11.26"]
[SourceQuality "1"]

1. e4 e5 2. d4 exd4 3. Qxd4 Nc6 4. Qe3 d6 5. Nc3 Nf6 6. Bd2 Be7 7. 0-0-0 0-0 8. Bc4 Be6 9. Bxe6 fxe6 10. f3 Ne5 11. h4 Nc4 12. Qe1 Nxd2 13. Rxd2 e5 14. g4 a6 15. Rf2 b5 16. Nh3 c5 17. Ng5 Qa5 18. Kb1 b4 19. Nd5 Nxd5 20. exd5 Bxg5 21. hxg5 g6 22. Rfh2 Ra7 23. Qe4 Qd8 24. f4 Re7 25. f5 Qe8 26. b3 a5 27. Rh6 Rg7 28. Kb2 a4 29. bxa4 Qxa4 30. f6 Ra7 31. f7+ Rfxf7 32. Qxg6+ hxg6 33. Rh8+ 1-0

[Event "Porto Sant Elpidio op-A 11th"]
[Site "Porto Sant Elpidio"]
[Date "2008.11.23"]
[Round "2"]
[White "Mircoli, Filippo"]
[Black "Iaconi, Andrea"]
[Result "1/2-1/2"]
[WhiteElo "1846"]
[BlackElo "1871"]
[PlyCount "54"]
[EventDate "2008.11.22"]
[EventType "swiss"]
[EventRounds "6"]
[EventCountry "ITA"]
[SourceTitle "EXT 2011"]
[Source "ChessBase"]
[SourceDate "2010.11.26"]
[SourceVersion "1"]
[SourceVersionDate "2010.11.26"]
[SourceQuality "1"]

1. e4 e5 2. Nf3 Nf6 3. Nc3 Nc6 4. Bb5 d6 5. d4 Bd7 6. Bg5 Be7 7. d5 Nb8 8. Bd3 0-0 9. 0-0 Bg4 10. h3 Bh5 11. g4 Bg6 12. Nd2 h6 13. Be3 Nbd7 14. f4 exf4 15. Bxf4 Ne5 16. Nf3 Nxf3+ 17. Qxf3 Nd7 18. Rae1 Bf6 19. Re2 Ne5 20. Qg3 a6 21. Nd1 Re8 22. Ne3 b5 23. Nf5 Kh7 24. Rg2 Bxf5 25. gxf5 Rg8 26. Be2 Qe7 27. Qe3 Nd7 1/2-1/2

[Event "Porto Sant Elpidio op-A 9th"]
[Site "Porto Sant Elpidio"]
[Date "2006.11.26"]
[Round "5"]
[White "Paci, Stefano"]
[Black "Iaconi, Andrea"]
[Result "1-0"]
[WhiteElo "2116"]
[BlackElo "1910"]
[PlyCount "86"]
[EventDate "2006.11.18"]
[EventType "swiss"]
[EventRounds "6"]
[EventCountry "ITA"]
[SourceTitle "EXT 2011"]
[Source "ChessBase"]
[SourceDate "2010.11.26"]
[SourceVersion "1"]
[SourceVersionDate "2010.11.26"]
[SourceQuality "1"]

1. d4 Nf6 2. c4 g6 3. Nc3 d5 4. Nf3 Bg7 5. Bf4 a6 6. e3 0-0 7. Qb3 e6 8. h3 c6 9. cxd5 exd5 10. Bxb8 Rxb8 11. Bxa6 Bxh3 12. Bf1 Bf5 13. Nh4 Be6 14. Qc2 Nd7 15. Nf3 c5 16. Be2 cxd4 17. Nxd4 Rc8 18. Rd1 Ne5 19. Qb3 Qg5 20. g3 Nc4 21. Ncb5 Rfd8 22. Rh4 Qe7 23. Nxe6 Qxe6 24. Nd4 Qe7 25. Kf1 Bf6 26. Rh1 Bg5 27. Nf3 Bf6 28. Nd4 Bg5 29. Rd3 Bf6 30. Kg2 Ne5 31. Rd2 Nc6 32. Bf3 Na5 33. Qd3 Nc4 34. Rc2 Ne5 35. Qd1 Nxf3 36. Nxf3 Qe4 37. Rd2 Rc7 38. Qb3 Rcd7 39. Rhd1 d4 40. Qc4 Qe6 41. Qxe6 fxe6 42. exd4 Kf7 43. b3 Ke7 1-0

[Event "Porto Sant Elpidio op-A 9th"]
[Site "Porto Sant Elpidio"]
[Date "2006.11.19"]
[Round "3"]
[White "Colabrese, Cary"]
[Black "Iaconi, Andrea"]
[Result "0-1"]
[WhiteElo "1775"]
[BlackElo "1910"]
[PlyCount "58"]
[EventDate "2006.11.18"]
[EventType "swiss"]
[EventRounds "6"]
[EventCountry "ITA"]
[SourceTitle "EXT 2011"]
[Source "ChessBase"]
[SourceDate "2010.11.26"]
[SourceVersion "1"]
[SourceVersionDate "2010.11.26"]
[SourceQuality "1"]

1. d4 Nf6 2. c4 g6 3. Nc3 d5 4. e3 Bg7 5. Bd3 0-0 6. Nge2 Be6 7. c5 Nc6 8. 0-0 Qc8 9. a3 Bf5 10. b4 a6 11. Bxf5 Qxf5 12. Ng3 Qd7 13. f4 e6 14. Nb1 b6 15. cxb6 cxb6 16. Nd2 Rfc8 17. Nf3 Ne8 18. Bb2 Nd6 19. Qd3 Nc4 20. Bc3 b5 21. Ne5 Qc7 22. Rfc1 Ra7 23. h4 Qe7 24. h5 N6xe5 25. dxe5 Rac7 26. Bd4 Qh4 27. Kf2 Nxe5 28. Qd2 Rxc1 29. Bxe5 R8c2 0-1

[Event "Porto Sant Elpidio op-B 7th"]
[Site "Porto Sant Elpidio"]
[Date "2004.11.21"]
[Round "5"]
[White "Iaconi, Andrea"]
[Black "Ragnini, Damiano"]
[Result "1-0"]
[WhiteElo "1774"]
[BlackElo "1571"]
[PlyCount "51"]
[EventDate "2004.11.13"]
[EventType "swiss"]
[EventRounds "6"]
[EventCountry "ITA"]
[SourceTitle "EXT 2024"]
[Source "ChessBase"]
[SourceDate "2023.10.10"]
[SourceVersion "1"]
[SourceVersionDate "2023.10.10"]
[SourceQuality "1"]

1. e4 e5 2. Nf3 Nf6 3. Nxe5 d6 4. Nf3 Nxe4 5. d4 d5 6. Bd3 Bd6 7. 0-0 0-0 8. c4 c6 9. cxd5 cxd5 10. h3 Nd7 11. Nc3 Nxc3 12. bxc3 Nf6 13. Bg5 h6 14. Bh4 Re8 15. Qb3 g5 16. Bg3 Bxg3 17. fxg3 Qc7 18. Ne5 Be6 19. Rxf6 Kg7 20. Raf1 Re7 21. Kh2 Rc8 22. Qd1 Rh8 23. Qh5 b6 24. Rg6+ Kf8 25. Rxh6 Rxh6 26. Qxh6+ 1-0

[Event "Porto Sant Elpidio op 4th"]
[Site "Porto Sant Elpidio"]
[Date "2001.11.02"]
[Round "3"]
[White "Gasparroni, Daniele"]
[Black "Iaconi, Andrea"]
[Result "1/2-1/2"]
[WhiteElo "1600"]
[BlackElo "1650"]
[PlyCount "49"]
[EventDate "2001.11.01"]
[EventType "swiss"]
[EventRounds "6"]
[EventCountry "ITA"]
[SourceTitle "EXT 2024"]
[Source "ChessBase"]
[SourceDate "2023.10.10"]
[SourceVersion "1"]
[SourceVersionDate "2023.10.10"]
[SourceQuality "1"]

1. d4 Nf6 2. c4 e6 3. Nf3 c5 4. e3 Nc6 5. Nc3 d6 6. dxc5 dxc5 7. Qxd8+ Kxd8 8. Ng5 Ke7 9. Nge4 Nxe4 10. Nxe4 b6 11. b3 Bb7 12. Ng3 g6 13. Bb2 Rg8 14. a3 Bg7 15. Bxg7 Rxg7 16. Rb1 Rd8 17. Be2 f5 18. 0-0 Kf6 19. Rfd1 Rgd7 20. Rxd7 Rxd7 21. Rb2 e5 22. f3 Nd8 23. Kf2 Ne6 24. Nf1 e4 25. f4 1/2-1/2

[Event "Porto Sant Elpidio op-A 2nd"]
[Site "Porto Sant Elpidio"]
[Date "1999.10.17"]
[Round "3"]
[White "Iaconi, Andrea"]
[Black "Fratini, Mauro"]
[Result "1-0"]
[WhiteElo "1542"]
[BlackElo "1440"]
[PlyCount "87"]
[EventDate "1999.10.16"]
[EventType "swiss"]
[EventRounds "6"]
[EventCountry "ITA"]
[SourceTitle "EXT 2024"]
[Source "ChessBase"]
[SourceDate "2023.10.10"]
[SourceVersion "1"]
[SourceVersionDate "2023.10.10"]
[SourceQuality "1"]

1. e4 Nf6 2. e5 Nd5 3. c4 Nb6 4. d4 d6 5. f4 e6 6. Nf3 Be7 7. Bd3 c5 8. dxc5 dxc5 9. 0-0 Nc6 10. a3 0-0 11. Nc3 Nd7 12. Be3 b6 13. Ne2 Bb7 14. Qc2 f5 15. exf6 Nxf6 16. Ng5 g6 17. Nxe6 Qd6 18. Nxf8 Bxf8 19. Rad1 Ng4 20. Bf2 Ne7 21. Be4 Qc7 22. Bxb7 Qxb7 23. h3 Nf6 24. Nc3 a6 25. Bh4 Bg7 26. Rfe1 Nf5 27. Bxf6 Bxf6 28. Qe4 Bd4+ 29. Rxd4 Qxe4 30. Rdxe4 Nd6 31. b3 b5 32. Re6 Nf5 33. Re8+ Rxe8 34. Rxe8+ Kf7 35. Ra8 Nd4 36. Rxa6 b4 37. axb4 cxb4 38. Nd5 Nxb3 39. Nxb4 Nc5 40. Rc6 Nb3 41. Rc7+ Kf6 42. c5 Nd4 43. c6 Ne6 44. Rxh7 1-0